<?xml version="1.0" encoding="UTF-8"?>
<record
    xmlns:xsi="http://www.w3.org/2001/XMLSchema-instance"
    xsi:schemaLocation="http://www.loc.gov/MARC21/slim http://www.loc.gov/standards/marcxml/schema/MARC21slim.xsd"
    xmlns="http://www.loc.gov/MARC21/slim">

  <leader>01910nam0a2200337   4500</leader>
  <controlfield tag="001">RU\NLR\bibl\1270889</controlfield>
  <controlfield tag="005">20260406045532.0</controlfield>
  <datafield tag="010" ind1=" " ind2=" ">
    <subfield code="a">978-5-02-036643-5</subfield>
    <subfield code="9">1000</subfield>
  </datafield>
  <datafield tag="021" ind1=" " ind2=" ">
    <subfield code="a">RU</subfield>
    <subfield code="b">2008-55111</subfield>
    <subfield code="9">3056</subfield>
  </datafield>
  <datafield tag="035" ind1=" " ind2=" ">
    <subfield code="a">(NLR Aleph) 001256761</subfield>
  </datafield>
  <datafield tag="090" ind1=" " ind2=" ">
    <subfield code="a">353596</subfield>
    <subfield code="c">353596</subfield>
  </datafield>
  <datafield tag="100" ind1=" " ind2=" ">
    <subfield code="a">20080909d2008    |||y0rusy50      ca</subfield>
  </datafield>
  <datafield tag="101" ind1="0" ind2=" ">
    <subfield code="a">rus</subfield>
  </datafield>
  <datafield tag="102" ind1=" " ind2=" ">
    <subfield code="a">RU</subfield>
  </datafield>
  <datafield tag="105" ind1=" " ind2=" ">
    <subfield code="a">ac  |||||||||</subfield>
  </datafield>
  <datafield tag="200" ind1="1" ind2=" ">
    <subfield code="a">&#x410;&#x43A;&#x430;&#x434;&#x435;&#x43C;&#x438;&#x43A; &#x421;.&#x410;. &#x425;&#x440;&#x438;&#x441;&#x442;&#x438;&#x430;&#x43D;&#x43E;&#x432;&#x438;&#x447;</subfield>
    <subfield code="e">[100-&#x43B;&#x435;&#x442;&#x438;&#x44E; &#x441;&#x43E; &#x434;&#x43D;&#x44F; &#x440;&#x43E;&#x436;&#x434;&#x435;&#x43D;&#x438;&#x44F; &#x430;&#x43A;&#x430;&#x434;&#x435;&#x43C;&#x438;&#x43A;&#x430; &#x421;.&#x410;. &#x425;&#x440;&#x438;&#x441;&#x442;&#x438;&#x430;&#x43D;&#x43E;&#x432;&#x438;&#x447;&#x430; &#x43F;&#x43E;&#x441;&#x432;&#x44F;&#x449;&#x430;&#x435;&#x442;&#x441;&#x44F;]</subfield>
    <subfield code="f">&#x426;&#x435;&#x43D;&#x442;&#x440;. &#x430;&#x44D;&#x440;&#x43E;&#x433;&#x438;&#x434;&#x440;&#x43E;&#x434;&#x438;&#x43D;&#x430;&#x43C;. &#x438;&#x43D;-&#x442; &#x438;&#x43C;. &#x43F;&#x440;&#x43E;&#x444;. &#x41D;.&#x415;. &#x416;&#x443;&#x43A;&#x43E;&#x432;&#x441;&#x43A;&#x43E;&#x433;&#x43E;</subfield>
    <subfield code="g">[&#x440;&#x435;&#x434;.-&#x441;&#x43E;&#x441;&#x442;. &#x430;&#x43A;&#x430;&#x434;. &#x413;.&#x421;. &#x411;&#x44E;&#x448;&#x433;&#x435;&#x43D;&#x441;]</subfield>
  </datafield>
  <datafield tag="210" ind1=" " ind2=" ">
    <subfield code="a">&#x41C;&#x43E;&#x441;&#x43A;&#x432;&#x430;</subfield>
    <subfield code="c">&#x41D;&#x430;&#x443;&#x43A;&#x430;</subfield>
    <subfield code="d">2008</subfield>
  </datafield>
  <datafield tag="215" ind1=" " ind2=" ">
    <subfield code="a">438, [1] &#x441;.</subfield>
    <subfield code="c">&#x438;&#x43B;., &#x446;&#x432;. &#x438;&#x43B;., &#x43F;&#x43E;&#x440;&#x442;&#x440;.</subfield>
    <subfield code="d">25</subfield>
  </datafield>
  <datafield tag="225" ind1="1" ind2=" ">
    <subfield code="a">&#x412;&#x44B;&#x434;&#x430;&#x44E;&#x449;&#x438;&#x435;&#x441;&#x44F; &#x443;&#x447;&#x435;&#x43D;&#x44B;&#x435;-&#x43C;&#x435;&#x445;&#x430;&#x43D;&#x438;&#x43A;&#x438; &#x426;&#x410;&#x413;&#x418;</subfield>
  </datafield>
  <datafield tag="320" ind1=" " ind2=" ">
    <subfield code="a">&#x422;&#x440;&#x443;&#x434;&#x44B; &#x430;&#x43A;&#x430;&#x434;&#x435;&#x43C;&#x438;&#x43A;&#x430; &#x421;.&#x410;. &#x425;&#x440;&#x438;&#x441;&#x442;&#x438;&#x430;&#x43D;&#x43E;&#x432;&#x438;&#x447;&#x430; &#x432; &#x43E;&#x431;&#x43B;&#x430;&#x441;&#x442;&#x438; &#x433;&#x430;&#x437;&#x43E;&#x432;&#x43E;&#x439; &#x434;&#x438;&#x43D;&#x430;&#x43C;&#x438;&#x43A;&#x438; (1938-1951 &#x433;&#x433;.): &#x441;. 121-122 (18 &#x43D;&#x430;&#x437;&#x432;.)</subfield>
  </datafield>
  <datafield tag="600" ind1=" " ind2="1">
    <subfield code="a">&#x425;&#x440;&#x438;&#x441;&#x442;&#x438;&#x430;&#x43D;&#x43E;&#x432;&#x438;&#x447;</subfield>
    <subfield code="b">&#x421;. &#x410;.</subfield>
    <subfield code="f">1908 - 2000</subfield>
    <subfield code="g">&#x421;&#x435;&#x440;&#x433;&#x435;&#x439; &#x410;&#x43B;&#x435;&#x43A;&#x441;&#x435;&#x435;&#x432;&#x438;&#x447;</subfield>
    <subfield code="9">2315178</subfield>
    <subfield code="3">RU\NLR\auth\661385360</subfield>
  </datafield>
  <datafield tag="686" ind1=" " ind2=" ">
    <subfield code="a">&#x412;2&#x434;(2)&#x425;&#x440;&#x438;&#x441;&#x442;&#x438;&#x430;&#x43D;&#x43E;&#x432;&#x438;&#x447;</subfield>
  </datafield>
  <datafield tag="702" ind1=" " ind2="1">
    <subfield code="4">570</subfield>
    <subfield code="8">rus</subfield>
    <subfield code="7">ca</subfield>
    <subfield code="a">&#x425;&#x440;&#x438;&#x441;&#x442;&#x438;&#x430;&#x43D;&#x43E;&#x432;&#x438;&#x447;</subfield>
    <subfield code="b">&#x421;. &#x410;.</subfield>
    <subfield code="f">1908-2000</subfield>
    <subfield code="g">&#x421;&#x435;&#x440;&#x433;&#x435;&#x439; &#x410;&#x43B;&#x435;&#x43A;&#x441;&#x435;&#x435;&#x432;&#x438;&#x447;</subfield>
    <subfield code="3">RU\NLR\AUTH\77112405</subfield>
    <subfield code="9">95330</subfield>
  </datafield>
  <datafield tag="702" ind1=" " ind2="1">
    <subfield code="4">220</subfield>
    <subfield code="8">rus</subfield>
    <subfield code="7">ca</subfield>
    <subfield code="a">&#x411;&#x44E;&#x448;&#x433;&#x435;&#x43D;&#x441;</subfield>
    <subfield code="b">&#x413;. &#x421;.</subfield>
    <subfield code="f">1916-2013</subfield>
    <subfield code="g">&#x413;&#x435;&#x43E;&#x440;&#x433;&#x438;&#x439; &#x421;&#x435;&#x440;&#x433;&#x435;&#x435;&#x432;&#x438;&#x447;</subfield>
    <subfield code="3">RU\NLR\auth\775202</subfield>
    <subfield code="9">115170</subfield>
  </datafield>
  <datafield tag="712" ind1="0" ind2="2">
    <subfield code="4">570</subfield>
    <subfield code="a">&#x426;&#x435;&#x43D;&#x442;&#x440;&#x430;&#x43B;&#x44C;&#x43D;&#x44B;&#x439; &#x430;&#x44D;&#x440;&#x43E;&#x433;&#x438;&#x434;&#x440;&#x43E;&#x434;&#x438;&#x43D;&#x430;&#x43C;&#x438;&#x447;&#x435;&#x441;&#x43A;&#x438;&#x439; &#x438;&#x43D;&#x441;&#x442;&#x438;&#x442;&#x443;&#x442; &#x438;&#x43C;. &#x41D;. &#x415;. &#x416;&#x443;&#x43A;&#x43E;&#x432;&#x441;&#x43A;&#x43E;&#x433;&#x43E;</subfield>
    <subfield code="c">&#x41C;&#x43E;&#x441;&#x43A;&#x432;&#x430;</subfield>
    <subfield code="9">347375</subfield>
    <subfield code="3">RU\NLR\AUTH\889925784</subfield>
  </datafield>
  <datafield tag="801" ind1=" " ind2="0">
    <subfield code="a">RU</subfield>
    <subfield code="b">NLR</subfield>
    <subfield code="c">20080909</subfield>
    <subfield code="g">RCR</subfield>
  </datafield>
  <datafield tag="801" ind1=" " ind2="1">
    <subfield code="a">RU</subfield>
    <subfield code="b">NLR</subfield>
    <subfield code="c">20080909</subfield>
  </datafield>
  <datafield tag="942" ind1=" " ind2=" ">
    <subfield code="c">BOOK</subfield>
  </datafield>
  <datafield tag="980" ind1=" " ind2=" ">
    <subfield code="a">NB</subfield>
  </datafield>
  <datafield tag="995" ind1=" " ind2=" ">
    <subfield code="5">2008-09-09</subfield>
    <subfield code="a">ad</subfield>
    <subfield code="b">NLR01</subfield>
    <subfield code="c">NLR01</subfield>
    <subfield code="e">RF9</subfield>
    <subfield code="f">2749701</subfield>
    <subfield code="k">2008-7/5317</subfield>
    <subfield code="o">0</subfield>
    <subfield code="r">BOOK</subfield>
    <subfield code="s">200875317_</subfield>
  </datafield>
  <datafield tag="995" ind1=" " ind2=" ">
    <subfield code="5">2008-09-09</subfield>
    <subfield code="a">ad</subfield>
    <subfield code="b">NLR01</subfield>
    <subfield code="c">NLR01</subfield>
    <subfield code="e">RF9</subfield>
    <subfield code="f">2749702</subfield>
    <subfield code="k">2008-7/5317</subfield>
    <subfield code="o">0</subfield>
    <subfield code="r">BOOK</subfield>
    <subfield code="s">200875317_</subfield>
  </datafield>
</record>
